أزمة النظام الرأسمالي والاقتصاد المصري / (Record no. 16679)
[ view plain ]
| 000 -الفاتح | |
|---|---|
| حقل البيانات ثابتة الطول | 00593nam a22001577a 4500 |
| 008 - عناصر البيانات ثابتة الطول - معلومات عامة | |
| حقل البيانات ثابتة الطول | 120423s2008 ua|||||r|||| 000 0 ara d |
| 082 ## - رقم تصنيف ديوى العشرى | |
| رقم التصنيف | 330.962 |
| رقم المادة | ع ي س |
| 100 ## - المدخل الرئيسى - إسم شخصى | |
| 9 (RLIN) | 27447 |
| الإسم الشخصى | العيسوي ، إبراهيم |
| 245 ## - بيان العنوان | |
| العنوان | أزمة النظام الرأسمالي والاقتصاد المصري / |
| بيان المسئوليه,etc | ابراهيم العيسوي |
| 260 ## - PUBLICATION, DISTRIBUTION, ETC. (IMPRINT) | |
| مكان الناشر او الموزع | القاهرة : |
| اسم الناشر او الموزع | الأهالي ، |
| تاريخ النشر أو التوزيع | 2008 |
| 300 ## - الوصف المادى | |
| التعداد | 88 ص ؛ |
| أبعاد الوعاء | 20 سم |
| 541 ## - تبصرة المصدر المباشر للتزويد | |
| مصدر التزويد | Dr. Bassem ; |
| طريقة التزويد | Donation ; |
| 650 ## - المدخل الاضافى بالموضوع-مصطلح موضوعى | |
| 9 (RLIN) | 13649 |
| مصطلح موضوعي أو اسم جغرافي كعنصر مدخل | الرأسمالية |
| 651 ## - المدخل الاضافى بالموضوع - اسم جغرافى | |
| 9 (RLIN) | 13709 |
| الاسم الجغرافي | مصر |
| التقسيم الفرعي العام | الأحوال الاقتصادية |
| 942 ## - عناصر المدخل الإضافي( كوها) | |
| مصدر التصنيف او مخطط الترفيف | Dewey Decimal Classification |
| Koha [default] item type | Book - Borrowing |
| حالة التراجع | حالة الفقد | مصدر التصنيف او خطة الترفيف | حالة تلف | ليس للاعارة | مجموعات كوها | المكان الدائم | المكان الحالي | موقع الترفيف | تاريخ الاكتساب | Source of acquisition | رقم الاستدعاء | الباركود | Date last seen | نوع الوعاء |
|---|---|---|---|---|---|---|---|---|---|---|---|---|---|---|
| Dewey Decimal Classification | Central Library | Central Library | First floor | 23/04/2012 | Donation | 330.962 ع ي س | 000026655 | 15/07/2025 | Book - Borrowing |